00907cam a2200217 a 450000100100000000500170001000800410002704000230006808200200009110000470011124501360015826000660029430000210036049000210038165000570040270000300045983000280048991000340051795201230055199900150067400000842720200929161336.0980811s1990 cu 000 0 spa d aDO-SdBNPcFQGdDLC aCu862.44bR696m1 aRodríguez Alemán, Mario,d1926-92270310aMural del teatro en Cuba :b1980-1982 : crítica y crónica /cMario Rodríguez Alemán ; selección y prólogo de Rine Leal. aLa Habana :bUnión de Escritores y Artistas de Cuba,c1990. a312 p. ;c20 cm.1 aContemporáneos 4aTeatro cubanoySIGLO XXxHistoria y crítica9227041 aLeal, Rine,eprol.922705 0aContemporáneos.96941 aCatalogación por copia / LC 001052708MOaGRbGRcCTd2009-09-16iLF1l0oCu862.44 R696mp8427-10r2020-06-25w2020-06-25y2ZPréstamo interno c8198d8198